000 00382nam a2200145Ia 4500
008 230711s9999||||xx |||||||||||||| ||und||
041 _aENG
082 _a4
_bMU-M
100 _aMukhopadhyay,AK
245 0 _aMicroprocessor microcomputer and their application
250 _a1st
260 _c1996
_aNew Delhi
_bNarosa Publishing House
650 _aComputer Engineering
942 _cBK
999 _c3202
_d3202